Państwa z największą ilością medali na Letnich Igrzyskach Olimpijskich - Statystyki

Ogólne statystyki
  • Ten quiz został rozwiązany 10 005 razy
    5 101 od ostatniego zresetowania
  • Średni wynik to 15 z 20
Statystyki odpowiedzi
Ilość
medali
Państwo % Poprawnych
2 764 Stany Zjednoczone
99%
727 Chiny
97%
798 Francja
97%
1 010 Niemcy (Włączając Niemcy Zachodnie)
97%
308 Polska
95%
495 Rosja
95%
542 Japonia
93%
353 Kanada
91%
981 Wielka Brytania
91%
658 Włochy
91%
600 Australia
85%
514 Szwecja
76%
320 Korea Południowa
74%
356 Holandia
69%
1 122 Związek Radziecki
61%
305 Finlandia
51%
530 Węgry
50%
317 Rumunia
42%
409 Niemcy Wschodnie
33%
235 Kuba
26%
Nie znaleziono quizów pasujących do podanych kryteriów
Rozkład punktacji
Procent ludzi z każdym wynikiem
Percentyl według liczby udzielonych odpowiedzi
Twoja historia wyników
Nie rozwiązałeś tego quizu od ostatniego zresetowania